Reforming China's enterprises

Na minha lista:
Detalhes bibliográficos
Formato: Livro
Idioma:inglês
Publicado em: Paris OECD 2000
Colecção:China in the global economy
Economics
Emerging transition economies
Assuntos:
Tags: Adicionar Tag
Sem tags, seja o primeiro a adicionar uma tag!

MARC

LEADER 00000nam a2200000 4500
001 c124012
005 20221108083521.8
020 |a 92-64-17697-7 
041 0 |a eng 
044 |a FR 
245 1 0 |a Reforming China's enterprises 
264 1 |a Paris  |b OECD  |c 2000 
300 |a 130 s. 
490 1 |a China in the global economy 
830 0 |a China in the global economy 
490 1 |a Economics 
830 0 |a Economics 
490 1 |a Emerging transition economies 
830 0 |a Emerging transition economies 
610 2 0 |a reformy 
610 2 0 |a reformy hospodárske 
610 2 0 |a reformy štruktúrne 
610 2 0 |a podnikanie 
610 2 0 |a financie 
610 2 0 |a financovanie podnikov 
610 2 0 |a reštrukturalizácia 
610 2 0 |a riadenie podnikové 
610 2 0 |a zabezpečenie sociálne 
610 2 0 |a programy sociálne 
610 2 0 |a Čína